000 00804nam a2200301Ia 4500
001 7363
005 20240113234011.0
007 ta
008 050705s1979 a g b000 u eng u
020 _a0-87692-066-0
040 _aCotton College,Assam
041 _aeng
082 _a551.3
_bBi 23 G
100 _aBloom, Arthur L. .
245 0 _aGeomorphology: A Systematic Analysis of Late Cenozoic Landforms /
_cBloom.
_hTextual Documents
250 _a1st ed. /
260 _aNew Delhi :
_bPrentice-Hall of India(Pvt Ltd) ,
_c1979.
300 _axvi, 510p. :
_bill. ;
_c24cm .
504 _aIndex
653 _aGeology
653 _aGeomorphology
653 _aLandforms
653 _aPG-Geology
942 _2ddc
_cBK
999 _c7350
_d7350